Krishi Avshesho Sae Jaivindhan/ (Record no. 51475)

MARC details
000 -LEADER
fixed length control field 00643nam a22002057a 4500
003 - CONTROL NUMBER IDENTIFIER
control field OSt
008 - FIXED-LENGTH DATA ELEMENTS--GENERAL INFORMATION
fixed length control field 260605b |||||||| |||| 00| 0 eng d
020 ## - INTERNATIONAL STANDARD BOOK NUMBER
International Standard Book Number 9789386200853
082 ## - DEWEY DECIMAL CLASSIFICATION NUMBER
Classification number 662.88
Item number S61K
100 ## - MAIN ENTRY--PERSONAL NAME
Personal name Singh, Renu
245 ## - TITLE STATEMENT
Title Krishi Avshesho Sae Jaivindhan/
Remainder of title by Renu Singh, Ranbir Singh, O.P. Singh
260 ## - PUBLICATION, DISTRIBUTION, ETC. (IMPRINT)
Place of publication, distribution, etc Delhi:
Name of publisher, distributor, etc Satish Serial Publishing House,
Date of publication, distribution, etc 2018.
300 ## - PHYSICAL DESCRIPTION
Extent xiii, 206 p.
650 ## - SUBJECT ADDED ENTRY--TOPICAL TERM
Topical term or geographic name as entry element Technology (Applied sciences)
650 ## - SUBJECT ADDED ENTRY--TOPICAL TERM
Topical term or geographic name as entry element Chemical engineering and related technologies
650 ## - SUBJECT ADDED ENTRY--TOPICAL TERM
Topical term or geographic name as entry element Biomass fuels from wastes and residues
700 ## - ADDED ENTRY--PERSONAL NAME
Personal name Singh, Ranbir
700 ## - ADDED ENTRY--PERSONAL NAME
Personal name Singh, O.P.
942 ## - ADDED ENTRY ELEMENTS (KOHA)
Source of classification or shelving scheme
Koha item type Books
Holdings
Withdrawn status Lost status Source of classification or shelving scheme Damaged status Not for loan Home library Current library Shelving location Date acquired Source of acquisition Cost, normal purchase price Total Checkouts Full call number Barcode Date last seen Bill Date Koha item type Bill Number
          Dr. Rajendra Prasad Central Agricultural University Pusa, Dr. Rajendra Prasad Central Agricultural University Pusa, General Stacks 05/06/2026 Delight Book Agency 950.00   662.88 S61K 87334 05/06/2026 29/01/2026 Books Bill No. DBS/0262025-2026
Hosted, Implemented, Customized & Maintained by: BestBookBuddies

Powered by Koha